00489nam a22001577a 45000050016000000100015000160200025000310350013000560370014000690820009000831000020000922450091001122600043002032700064002463000021003102010081808598.0 aENG-100862 a9788190671156c80.00 aEN-84395 bDSBAD/PUB a 510 aManikandan,K M  aMathematical problems in estimation theory & confidence interval /cby K M Manikandan  aCoimbatorebRainbow Publicationsc2008 aShree Lakshmi Towers Mettupalayam Road bCoimbatoree641043 a148pc19 cm(pbk)